A Note on the international orientation programme on the post-literacy and continuing education of neo-literates in the perspective of lifelong education / (Record no. 133345)

MARC details
000 -CABECERA
campo de control de longitud fija 00587nam a2200169 a 4500
005 - FECHA Y HORA DE LA ÚLTIMA TRANSACCIÓN
campo de control 20210223130641.0
008 - ELEMENTOS DE LONGITUD FIJA--INFORMACIÓN GENERAL
campo de control de longitud fija 080926s1981 mx r 000 0 spa d
035 ## - NÚMERO DE CONTROL DEL SISTEMA
Número de control de sistema UPN01000161232
049 ## - COLECCIÓN
Colección UNE
080 ## - NÚMERO DE CLASIFICACIÓN DECIMAL UNIVERSAL
Número de la Clasificación Decimal Universal 374.7 (100) =20 DAV.
100 1# - ASIENTO PRINCIPAL--NOMBRE PERSONAL
Nombre de persona Dave, R. H.
9 (RLIN) 32391
245 12 - MENCIÓN DE TÍTULO
Título A Note on the international orientation programme on the post-literacy and continuing education of neo-literates in the perspective of lifelong education /
Mención de responsabilidad, etc. Ravindra H. Dave.
260 ## - PUBLICACIÓN, DISTRIBUCIÓN, ETC.
Lugar de publicación, distribución, etc. Hamburg :
Nombre del editor, distribuidor, etc. UIE,
Fecha de publicación, distribución, etc. 1981.
300 ## - DESCRIPCIÓN FÍSICA
Extensión 8 p.
690 ## - PUNTO DE ACCESO ADICIONAL DE MATERIA LOCAL--TÉRMINO DE MATERIA (OCLC, RLIN)
Término de materia o nombre geográfico como elemento inicial Educacion permanente- Neoalfabetos
905 ## - TIPO DE MATERIAL
Tipo de material UNESCO
Holdings
Estado de retiro Estado de pérdida Fuente del sistema de clasificación o colocación Estado dañado No para préstamo Código de colección Localización permanente Ubicación/localización actual Ubicación en estantería Fecha de adquisición Clasificación Código de barras Fecha visto por última vez Número de copia Tipo de ítem Koha
    Library of Congress Classification   Disponible (Préstamo en sala) UNESCO Bib. Gregorio Torres Quintero Bib. Gregorio Torres Quintero Colecciones especiales Planta alta 03/02/2023 374.7 (100) =20 DAV U7950 31/12/2020 1 Libro